Ideas para la formulación de un nuevo contrato social (Registro nro. 726)

Detalles MARC
000 -LEADER
fixed length control field 02182 a2200385 4500
001 - CONTROL NUMBER
control field 18049
005 - DATE AND TIME OF LATEST TRANSACTION
control field 20260407155459.0
008 - FIXED-LENGTH DATA ELEMENTS--GENERAL INFORMATION
fixed length control field 260407a2006 arg spa d
003 - CONTROL NUMBER IDENTIFIER
control field AR-UNSa-BCEJYS
040 ## - CATALOGING SOURCE
Original cataloging agency AR-UNSa-BCEJYS
Language of cataloging spa
Transcribing agency AR-UNSa-BCEJYS
080 ## - UNIVERSAL DECIMAL CLASSIFICATION NUMBER
Universal Decimal Classification number 342
Common auxiliary subdivision Derecho constitucional (Derecho Público)
020 ## - INTERNATIONAL STANDARD BOOK NUMBER
International Standard Book Number 987-03-0791-4
100 1# - MAIN ENTRY--PERSONAL NAME
Personal name Alterini, Atilio Aníbal
245 10 - TITLE STATEMENT
Title Ideas para la formulación de un nuevo contrato social
Name of part/section of a work proyecto Mariano Moreno
264 #1 - PRODUCTION, PUBLICATION, DISTRIBUTION, MANUFACTURE, AND COPYRIGHT NOTICE
Place of production, publication, distribution, manufacture Buenos Aires :
Name of producer, publisher, distributor, manufacturer La Ley
Date of production, publication, distribution, manufacture, or copyright notice 2006
300 ## - PHYSICAL DESCRIPTION
Extent xxii, 490 p.
Dimensions 24 cm.
505 ## - FORMATTED CONTENTS NOTE
Formatted contents note 1. Una propuesta para la protección de las personas que trabajan en las fronteras del derecho del trabajo - 2. La integración regional, una vía relevante para la construcción del contrato social en nuestro tiempo - 3. Reforma del estado, moneda, deuda, inclusión social y desarrollo económico - 4. Algunas ideas y aportes para una reforma progresiva del sistema tributario argentino - 5. Reforma política y electoral - 6. Estado, globalización y desarrollo - 7. Hacia un nuevo contrato social desde la perspectiva del desarrollo social - 8. Estado de derecho y política criminal - 9. El sistema judicial argentino y su reforma - 10. Las instituciones políticas en Argentina - 11. Las políticas de transparencia en la reconstrucción del contrato social - 12. Aportes para un orden económico ajustado a la constitución nacional - 13. La constitución y el contrato social
590 ## - LOCAL NOTE (RLIN)
Local note niveau_biblio:m niveau_hierar:0
700 1# - ADDED ENTRY--PERSONAL NAME
Personal name Monner Sans, Alejo
700 1# - ADDED ENTRY--PERSONAL NAME
Personal name Ackerman, Mario E.
700 1# - ADDED ENTRY--PERSONAL NAME
Personal name Ciuro Caldani, Miguel Angel
700 1# - ADDED ENTRY--PERSONAL NAME
Personal name Conesa, Eduardo R.
700 1# - ADDED ENTRY--PERSONAL NAME
Personal name Dalla Via, Alberto Ricardo
700 1# - ADDED ENTRY--PERSONAL NAME
Personal name Ferrer, Aldo
700 1# - ADDED ENTRY--PERSONAL NAME
Personal name Fridman, Viviana I.
700 1# - ADDED ENTRY--PERSONAL NAME
Personal name Pietro Paolo, Leonardo Di
700 1# - ADDED ENTRY--PERSONAL NAME
Personal name Larrandart, Lucia E.
700 1# - ADDED ENTRY--PERSONAL NAME
Personal name Lynch, Horacio M.
700 1# - ADDED ENTRY--PERSONAL NAME
Personal name Mayer, Jorge
700 1# - ADDED ENTRY--PERSONAL NAME
Personal name Raigorodsky, Nicolás
700 1# - ADDED ENTRY--PERSONAL NAME
Personal name Sandler, Héctor Raúl
700 1# - ADDED ENTRY--PERSONAL NAME
Personal name Sola, Juan Vicente
856 41 - ELECTRONIC LOCATION AND ACCESS
Uniform Resource Identifier <a href="https://biblioeco.unsa.edu.ar/pmb/images/libros/Ideas para la formulacion de un nuevo contrato social2-l117910.jpg">https://biblioeco.unsa.edu.ar/pmb/images/libros/Ideas para la formulacion de un nuevo contrato social2-l117910.jpg</a>
Link text Imagen de portada
Electronic format type image/jpeg
942 ## - ADDED ENTRY ELEMENTS (KOHA)
Koha item type
Existencias
Withdrawn status Lost status Damaged status Not for loan Home library Current library Shelving location Date acquired Total checkouts Full call number Barcode Date last seen Price effective from Koha item type
        Biblioteca Prof. Eusebio Cleto del Rey Biblioteca Prof. Eusebio Cleto del Rey   07/04/2026   342 A466 L117910 07/04/2026 07/04/2026 Libro
        Biblioteca Prof. Eusebio Cleto del Rey Biblioteca Prof. Eusebio Cleto del Rey   07/04/2026   342 A466 L117911 07/04/2026 07/04/2026 Libro